[Event "Rubinstein Memorial 32nd"]
[Site "Polanica Zdroj"]
[Date "1995.??.??"]
[Round "9"]
[White "De Firmian, Nick E"]
[Black "Markowski, Tomasz"]
[Result "1-0"]
[WhiteElo "2605"]
[BlackElo "2530"]
[Annotator "Stohl,I"]
[PlyCount "69"]
[EventDate "1995.08.??"]
[EventType "tourn"]
[EventRounds "11"]
[EventCountry "POL"]
[EventCategory "14"]
[SourceTitle "CBM 049"]
[Source "ChessBase"]
[SourceDate "1995.12.01"]
[SourceVersion "1"]
[SourceVersionDate "1995.12.01"]
[SourceQuality "1"]

1. e4 {Dolmatov} d6 2. d4 Nf6 3. Nc3 g6 4. f4 Bg7 5. Nf3 O-O 6. Bd3 Na6 7. O-O
c5 8. d5 Rb8 (8... Bg4 9. Qe1 $6 Nb4 10. Qh4 c4 $1 11. Bxc4 Nxc2 12. Rb1 Bxf3
13. Rxf3 Rc8 14. Bb3 Nd4 15. Rh3 Nxb3 16. axb3 h5 17. Rf3 Qb6+ 18. Kh1 Qxb3 19.
Qe1 b5 20. Ra1 Qc4 21. e5 Nxd5 22. Rxa7 Nb4 $19 {Plachetka,J-Jansa,V/CL
Trnava-Bohemians/1992/}) 9. Kh1 (9. Qe2 $5 Nc7 10. a4 b6 11. Nd1 e6 12. dxe6
fxe6 13. c4 d5 14. Nf2 dxe4 15. Nxe4 Nxe4 16. Bxe4 Ne8 17. Rd1 Qc7 18. Ra3 Nd6
19. Rad3 Nf5 20. b3 Nd4 21. Nxd4 Bxd4+ 22. Be3 Bg7 23. Bf2 e5 24. fxe5 Bxe5 25.
Bd5+ $36 {Shirov,A-Hodgson,Ju/Gausdal Troll Masters/1990/}) (9. a3 $5 Nc7 10.
Qe1 Bg4 11. Qh4 b5 12. f5 gxf5 13. exf5 c4 14. Be4 Nxe4 15. Qxg4 Nf6 16. Qg3
Kh8 17. Rd1 a5 18. Ng5 $14 {Rogers,I-Ftacnik,L/Sydney Mercantile/1991/}) (9. e5
{Dolmatov} dxe5 $2 (9... Ne8 $13) 10. Bxa6 bxa6 11. fxe5 Ng4 12. Bf4 $16 {
Dolmatov,S-Pfleger,H/BRD/1991/1:0/40/}) 9... Bg4 10. Qe1 Nb4 11. Qh4 (11. a3
Nxd3 12. cxd3 Qb6 13. Nd2 Qa6 14. Qe3 Bd7 15. a4 e6 16. Ra3 exd5 17. exd5 Rfe8
18. Qg3 Bf5 19. Nc4 Ne4 20. Nxe4 Bxe4 21. f5 Bxd5 22. f6 Bxc4 23. dxc4 Qxc4 24.
Raf3 Bf8 $19 {Velimirovic,D-Van der Wiel,J/Sarajevo/1984/}) 11... b5 (11... c4
$5 12. Bxc4 Nxc2 13. Rb1 Rc8 14. Bb3 Bxf3 15. Bxc2 (15. Rxf3 Nd4 $15) 15...
Rxc3 $1 16. bxc3 Bxe4 17. Bxe4 Nxe4 $44) (11... Nxd3 12. cxd3 b5 13. f5 Bxf3
14. Rxf3 Qc8 15. e5 $6 dxe5 16. d6 exd6 17. Bg5 b4 18. Ne2 Nd5 19. f6 Bh8 20.
Qh6 Re8 21. Raf1 Re6 22. Rh3 Nxf6 23. Bxf6 Bxf6 24. Qxh7+ Kf8 25. Rhf3 Ke7 $17
{Manca,F-Belotti,B/Reggio mem Chicco/1991/}) 12. a3 Nxd3 13. cxd3 $14 a5 (13...
b4 14. Ne2 $1 (14. axb4 cxb4 15. Ne2 a5 16. f5 Qb6 $13) 14... a5 15. f5 {
-13...a5}) 14. f5 b4 15. Ne2 $1 $146 {N} (15. Nd1 gxf5 16. Bh6 (16. Ne3 $5 {
Dolmatov} fxe4 17. Ng5 Bh5 18. Nf5 Bg6 $13) 16... Bxh6 17. Qxh6 Bxf3 18. Rxf3
Kh8 19. Ne3 fxe4 20. Rh3 Rg8 21. Rf1 Rg6 22. Qh4 Qg8 23. dxe4 bxa3 24. bxa3 Rb2
25. e5 Nxd5 26. Nxd5 Rbxg2 27. Qe1 dxe5 28. Qxe5+ f6 29. Qe3 Qxd5 {0-1/Wells,
P-Hodgson,J/BCF-ch Eastbourne/1991/}) 15... bxa3 (15... Bxf3 16. Rxf3 $36) (
15... gxf5 16. Ng3 $44 {->} (16. Ng3 {Dolmatov} fxe4 17. Ng5 $40)) 16. Rxa3 Rb4
$5 {[%cal Rg4f5] /\Bf5} 17. fxg6 (17. Bh6 $6 Bxf3 (17... Bxf5 $2 18. Ng5 $40)
18. Rxf3 Rxb2 $17) 17... hxg6 (17... fxg6 18. Nf4 {[%csl Re6][%cal Rf3g5] /
\Ng5,><e6}) 18. Nf4 Bxf3 $8 (18... Qb6 19. Ng5 Rb3 (19... c4 {Dolmatov} 20. Bd2
Rxb2 21. Bc3 Rb1 22. Ra1 $40) 20. Nfh3 $1 {[%cal Rf1f6] /\Rf6} Re8 (20... Bh5
21. Nf2 {/\g4}) 21. Nxf7 $1 Bxh3 (21... Kxf7 22. Qxg4 $18) 22. Nh6+ Bxh6 23.
Qxh6 $40) 19. gxf3 $5 {[%cal Gg1g6,Yf1g1,Yh4g3,Yf4g6] <->g,/\Rg1,Qg3,Ng6} (19.
Rxf3 {Dolmatov} Qb6) 19... Qb6 20. Rc3 (20. Rg1 $5 $14) 20... c4 $1 (20... Rb3
21. Rc2 {[%cal Yc2g2,Yf1g1] /\Rg2,Rg1}) 21. dxc4 (21. Rxc4 Rxc4 22. dxc4 Qb3
$15 (22... Qb4 $40 {Dolmatov})) 21... Qa6 (21... Rc8 {Dolmatov} 22. Be3 $40)
22. Qe1 $1 (22. b3 $6 {Dolmatov} Nxe4 (22... Rxb3 $2 23. Rxb3 Qxc4 24. Rd3 $18)
23. fxe4 Bxc3 $17) 22... Nd7 (22... Rxc4 23. Qe2 Rfc8 24. Bd2 {[%cal Rb2b3] /
\b3+-} (24. b3 $18 {Dolmatov})) 23. Rc2 Rc8 (23... Rxc4 24. Qe2 Nb6 25. b3 $18)
24. Qe2 a4 (24... Rbxc4 $6 25. b3 (25. Be3 Qb5 26. Rfc1 Ne5 {[%cal Yb5b3] /\Qb3
}) 25... Rxc2 26. Qxa6 Rxc1 27. Rxc1 Rxc1+ 28. Kg2 $16) (24... Ne5 $5 {Dolmatov
}) (24... Nc5 {Dolmatov} 25. Be3 Nb3 $132) 25. Nd3 Rb3 $2 (25... Rbxc4 $1 26.
Nb4 Rxb4 $1 $8 (26... Qb5 27. Nc6 $18) 27. Qxa6 Rxc2 $44) 26. Bg5 Kf8 27. Rfc1
Nb6 (27... a3 {Dolmatov} 28. bxa3 Qxa3 29. Ra2 $16) 28. e5 $1 $16 Rxd3 (28...
Rxc4 $142 29. exd6 exd6 (29... Rxc2 30. dxe7+ Ke8 31. Qxc2 $18) 30. Rxc4 Nxc4
31. Nf2 $5 (31. Nf4 Rb4 32. Qe7+ Kg8 33. Qe8+ Kh7 34. Qxf7 Ne5 $16) 31... Rxb2
(31... Rb4 32. Qe7+ Kg8 33. Qe8+ Kh7 34. Ne4 {[%cal Re4f6] /\Nf6+-}) 32. Qxc4
Qxc4 33. Rxc4 f6 (33... Rxf2 $4 34. Rc8#) (33... Be5 34. Nd3 $18) 34. Nd3 (34.
Be3 a3 35. Bd4 Rd2 (35... Rb1+ 36. Kg2 a2 37. Ra4 $18) 36. Ne4 Rd1+ 37. Kg2 a2
{[%cal Rd1d4] /\Rd4}) 34... Rb3 (34... Rb1+ 35. Bc1) (34... a3 35. Bc1 Rb3 (
35... Rb1 36. Rc2) 36. Nb4 $18) 35. Nf4 $5 (35. Nc1 fxg5 (35... Rxf3 36. Bf4)
36. Nxb3 axb3 37. Rc7 b2 38. Rb7 $14) 35... fxg5 36. Ne6+ $16) (28... Nxc4 {
Dolmatov} 29. exd6 $18) 29. Qxd3 {The extra exchange plus attack will quickly
decide the game.} Bxe5 30. f4 Bg7 31. f5 $40 gxf5 (31... f6 32. Be3 g5 33. h4
$18) 32. Qxf5 Rxc4 $2 (32... Nxc4 33. Qxc8+ $1 Qxc8 34. Rxc4 $18) (32... Qb7
33. Rf1 $18) 33. Rxc4 Nxc4 34. Qd3 $18 Bxb2 35. Qxc4 (35. Qxc4 Qxc4 36. Rxc4 a3
37. Bc1 $18) 1-0

[Event "Horgen-B"]
[Site "Horgen"]
[Date "1995.??.??"]
[Round "7"]
[White "Forster, Richard"]
[Black "Hodgson, Julian M"]
[Result "0-1"]
[WhiteElo "2370"]
[BlackElo "2590"]
[Annotator "Stohl,I"]
[PlyCount "72"]
[EventDate "1995.10.??"]
[EventType "tourn"]
[EventRounds "9"]
[EventCountry "SUI"]
[EventCategory "11"]
[SourceTitle "CBM 050"]
[Source "ChessBase"]
[SourceDate "1996.02.01"]
[SourceVersion "1"]
[SourceVersionDate "1996.02.01"]
[SourceQuality "1"]

1. e4 d6 2. d4 g6 3. Nc3 Bg7 4. f4 Nf6 5. Nf3 O-O 6. Bd3 Na6 7. O-O c5 8. d5
Bg4 9. Bc4 $5 (9. h3 Bxf3 10. Rxf3 Nc7 11. a4 Rb8 12. Qe1 Nd7 13. Bd2 Na6 14.
Nd1 e6 15. dxe6 fxe6 16. Bc3 Bxc3 17. Nxc3 Nb4 18. Rd1 Qe7 19. Qd2 Rbd8 20. Bc4
Nb6 21. Bf1 Kh8 22. a5 Nc8 23. Bc4 Nc6 24. Ne2 $14 {Polgar,Zso-Hodgson,J/
Amsterdam Donner op/1995/}) (9. a3 $5 Nc7 10. h3 Bxf3 11. Qxf3 e6 12. f5 exd5
13. exd5 Nd7 14. Qg3 Be5 15. Bf4 Ne8 16. Bxe5 Nxe5 17. Ne4 c4 18. fxg6 hxg6 19.
Ng5 $1 f6 20. Bxg6 fxg5 21. Rxf8+ Kxf8 22. Rf1+ Kg7 23. Bxe8 Qxe8 24. Qxg5+ Ng6
25. Qf6+ Kh6 26. Qxd6 $44 {Zulfugarli,M-Kochetkov,G/Nikolaev zt/1995/}) (9. Kh1
e6 10. dxe6 fxe6 11. h3 Bxf3 12. Rxf3 Nb4 13. f5 gxf5 14. exf5 Qc8 15. fxe6
Qxe6 16. Bf5 Qe5 17. g4 Nbd5 18. Nxd5 Nxd5 19. Rb1 b5 20. Bg5 Rae8 21. Rd3 Nf4
22. Rf3 Nd5 23. Rd3 Nf4 24. Rf3 {1/2/Okkes,M-Cuijpers,F/NLD-chT9495/1995/}) (9.
Qe1 $6 Nb4 10. Qh4 c4 11. Bxc4 Nxc2 12. Rb1 Bxf3 $1 (12... Rc8 13. Bb3 Qb6+ 14.
Kh1 Bxf3 15. Bxc2 Be2 16. Re1 Bc4 17. Be3 Qa5 18. a3 Rfe8 19. Bd4 Nd7 20. Bxg7
Kxg7 21. Re3 Nf6 22. Rh3 h5 23. Rg3 Qb6 24. h3 Ba2 25. Ra1 Bb3 $13 {Rogers,
I-Torre,E/San Francisco/1991/}) 13. Rxf3 Rc8 14. Bb3 Nd4 15. Rh3 Nxb3 16. axb3
h5 17. Rf3 Qb6+ 18. Kh1 Qxb3 19. Qe1 b5 20. Ra1 Qc4 21. e5 Nxd5 22. Rxa7 Nb4
23. exd6 exd6 24. Qf1 Rfe8 25. Bd2 Qd4 26. Qf2 Qxf2 27. Rxf2 Bd4 {0-1/
Plachetka,J-Jansa,V/CL Trnava-Bohemians/1992/}) 9... Nc7 (9... Nd7 10. h3 Bxf3
11. Qxf3 Nc7 12. Be3 a6 13. Rad1 b5 14. Be2 b4 15. Na4 Nb5 16. e5 Qa5 17. b3
dxe5 18. fxe5 Nxe5 19. Qf2 Nd4 20. Nxc5 Qxc5 21. Bxd4 Qxc2 22. Qe3 Qc7 23. Rfe1
Rfe8 24. Bf1 Nd7 25. Bxg7 Kxg7 26. Qd4+ $13 {Hector,J-Hoi,C/Kobenhavn op/1990/}
) 10. h3 (10. a4 a6 11. Qe2 $1 (11. a5 $6 Nb5 $1 $132 {[%csl Re4] ><e4}) 11...
Nd7 12. h3 Bxf3 13. Rxf3 $14) 10... Bxf3 11. Qxf3 a6 (11... e6 $6 12. dxe6 fxe6
13. Rd1 $5 (13. Be3 b6 (13... Qe7 14. e5 dxe5 15. Qxb7 Rfb8 16. Qf3 Rxb2 17.
Ne4 Nxe4 18. Qxe4 exf4 19. Bxf4 Re8 20. Bb3 Rxb3 21. axb3 Bxa1 22. Rxa1 Nb5 23.
Be3 $44 {Dolmatov,S-Smirin,I/Rostov/1993/}) 14. Rad1 Qe7 15. Rfe1 Kh8 16. g4
Rad8 17. Bf2 Nd7 18. Qg3 g5 19. f5 Ne5 20. Bf1 h5 21. a4 h4 22. Qe3 Nc6 23. Nb5
Nxb5 24. axb5 Bd4 $17 {Wedberg,T-Azmayparashvili,Z/Reykjavik op/1990/}) 13...
Qe7 14. f5 $36 (14. e5 $5 dxe5 15. Qxb7 $16)) 12. a4 Nd7 (12... Rb8 13. a5 b5
14. axb6 Rxb6 15. Ra2 $14 {[%csl Gc1,Gc4,Gd5,Ge4,Gf4,Ra6] ^^,[+],><a6}) 13. Qe2
$146 (13. a5 b5 14. axb6 Nxb6 15. Be2 (15. Qd3 $6 Rb8 16. Nd1 (16. Bxa6 Ra8 17.
Be3 Rxa6 18. Rxa6 c4) 16... e6 $1 17. c3 Nxc4 18. Qxc4 exd5 19. exd5 f5 $1 20.
Ra2 Re8 21. Nf2 Qd7 22. Rd1 Qf7 23. b4 $6 Nb5 $17 {Harley,A-Hodgson,J/BCF-ch
Dundee/1993/}) 15... f5 $1 $13) (13. Qd3 Nb6 14. Ba2 Qd7 15. a5 Nc8 16. Bd2 b5
17. axb6 Nxb6 18. Rae1 Nb5 19. Nd1 Nd4 20. Ne3 Rab8 21. c3 Qb5 22. Qxb5 Nxb5
23. Bb3 Nc7 24. Bc2 a5 25. Ra1 a4 $132 {Dolmatov-Chernin/Minsk ch-SU/1987/}) (
13. Bd2 Rb8 14. a5 b5 15. axb6 Nxb6 16. Be2 Nb5 17. Rfc1 Qc8 18. Nxb5 axb5 19.
Bc3 Bxc3 20. Qxc3 Na4 21. Qe3 Nxb2 22. Rcb1 Nc4 23. Qc3 Qc7 24. h4 Qd7 25. h5
$44 {Pedzich,D-Czerwonski,A/POL-chT Lubniewice/1994/}) 13... Kh8 $5 (13... f5
$2 14. e5 $16 {()}) 14. Rd1 Rb8 (14... f5 15. Bd2 {[%cal Ya1b1,Yb2b4] /\Rab1,
b4|^<<} fxe4 16. Nxe4 {[%csl Rf6,Rf7,Rg7,Rh6][%cal Yd2c3] /\Bc3,׻}) 15. a5 b5
16. axb6 Rxb6 17. Ra2 $14 (17. Bxa6 $2 Qa8 $19) 17... Qb8 18. Na4 (18. Bxa6 $5
Nxa6 19. Rxa6 Rxa6 20. Qxa6 f5 21. Qd3 $14) 18... Rb7 19. Bxa6 (19. Ra3 Nb5 20.
Rg3 Nd4 $13) (19. c3 $5 {[%cal Yc1d2,Ya2a1] /\Bd2,Raa1+/=}) 19... Nxa6 20. Qxa6
f5 $1 $132 {[%csl Ra4] פa4} 21. Qe2 (21. Nc3 Bd4+ (21... Bxc3 22. bxc3 fxe4
23. Qe2 Nf6 24. c4 {[%cal Rc1d2,Rd2c3] /\Bd2-c3|^}) 22. Kh1 Nf6 $44) 21... fxe4
22. Qxe4 Nf6 23. Qf3 {White has to move his Q around too much and Black's has
time to get strong counterplay.} (23. Qd3 Rb4 24. c3 Rb3 $44) 23... Nh5 {
[%cal Rh5f4] /\Nf4} 24. Qe4 g5 $5 (24... Nf6 $10) 25. f5 $2 (25. fxg5 $5 Ng3 (
25... Rb4 26. Qe1 $5 Bd4+ 27. Be3 $16) 26. Qd3 Be5 $132) 25... Ng3 26. Qd3 Nxf5
$36 27. Nc3 (27. Bxg5 c4 $1 28. Qxc4 Rb4 {[%cal Rb8a7] /\Qa7->}) 27... Bd4+ 28.
Kh1 c4 29. Qxc4 $8 (29. Qf3 Ne3 $19) 29... Ng3+ 30. Kh2 Be5 31. Re1 $1 Ne2+ (
31... Rb4 32. Qa6 Ne2+ 33. Kh1 Nxc3 34. bxc3 Bxc3 35. Rd1 Rb1 36. Qd3 $10) 32.
Kh1 Nxc1 33. Rxc1 Rxb2 $17 34. Re1 (34. Rxb2 Qxb2 35. Ne2 Rf2 $36) 34... Qb4 $5
(34... Rxa2 35. Nxa2 Qb6 {[%cal Rb6f2,Rf2g3] /\Qf2-g3-+} 36. Rf1 Rf4 $5 $17)
35. Qxb4 Rxb4 36. Ne4 $2 (36. Nb1 $8 Rfb8 37. Nd2 Bg3 $1 (37... Bc3 38. Re2 Rd4
39. Nf3 $10) (37... Rd4 38. Nf3 Rxd5 39. Nxe5 Rxe5 40. Rxe5 dxe5 41. Ra7 $10)
38. Rf1 (38. Rd1 Rd4 39. c4 Bf4 $19) (38. Rxe7 $2 Rb1+ 39. Nxb1 Rxb1+ $19)
38... Rd4 39. Nf3 Rxd5 $17) (36. Ne2 Re4 {[%cal Re4e2,Re5c3] /\Re2!,Bc3-+})
36... Rxe4 $1 (36... Rxe4 37. Rxe4 Rf1#) 0-1

[Event "Pamplona 9697 7th"]
[Site "Pamplona"]
[Date "1996.??.??"]
[Round "1"]
[White "Gulko, Boris F"]
[Black "Azmaiparashvili, Zurab"]
[Result "1/2-1/2"]
[WhiteElo "2615"]
[BlackElo "2670"]
[Annotator "Stohl,I"]
[PlyCount "98"]
[EventDate "1996.12.??"]
[EventType "tourn"]
[EventRounds "9"]
[EventCountry "ESP"]
[EventCategory "13"]
[SourceTitle "CBM 057"]
[Source "ChessBase"]
[SourceDate "1997.04.01"]
[SourceVersion "1"]
[SourceVersionDate "1997.04.01"]
[SourceQuality "1"]

1. d4 d6 2. e4 g6 3. Nc3 Bg7 4. f4 Nc6 5. Be3 Nf6 6. Be2 O-O 7. Nf3 e6 {
A flexible setup, which by it's pawn structure somewhat ressembles the
Hedgehog (A30). Also Black's practical results in this system are suprisingly
good, his flexible position can withstand any premature and unprepared
assaults.} 8. h3 (8. Qd3 b6 9. O-O-O Bb7 10. a3 Ne7 11. Ng5 h6 12. Nh3 Qc8 13.
g4 c5 14. dxc5 bxc5 15. Qxd6 Nxe4 16. Nxe4 Bxe4 17. Qxe7 Bxh1 18. Qxc5 (18.
Rxh1 Re8 19. Qxc5 Qb7 $40) 18... Bd5 19. Qxc8 Rfxc8 20. c3 a5 21. Bd4 Bb3 22.
Rd2 Rd8 23. Bxg7 Kxg7 24. Nf2 g5 $17 {Westerinen,H-Kindermann,S/Wiesbaden/1981/
}) (8. O-O Ne7 9. Qe1 (9. Nd2 b6 10. a4 a6 11. Qe1 c5 12. Qf2 Bb7 13. Bf3 Qc7
14. a5 cxd4 15. Bxd4 b5 16. Bb6 Qc8 17. Rac1 Nd7 18. Bd4 e5 19. Be3 f5 20. g3
exf4 21. gxf4 b4 22. Nd1 Nf6 $36 {Engedal,N-Davies,N/Gausdal Peer-Gynt/1990/})
9... b6 10. Rd1 (10. Qh4 d5 11. Ng5 h6 12. f5 dxe4 13. fxe6 hxg5 14. Bxg5 Qxd4+
15. Kh1 fxe6 16. Rad1 Qe5 17. Bf4 g5 18. Bxg5 Ng6 19. Bxf6 Nxh4 20. Bxe5 Bxe5
21. Nxe4 Bb7 {0-1,Fontaine,R-Nijboer,F/Groningen op/1994/}) 10... Bb7 11. Bd3
c5 12. Qh4 c4 13. Bxc4 Bxe4 14. Nxe4 Nxe4 15. Bd3 Nf5 16. Qxd8 Raxd8 17. Bc1 d5
18. c3 Nfd6 19. Rde1 b5 20. a3 Rc8 21. Nd2 f5 22. Nxe4 fxe4 23. Be2 a5 24. Bd2
Rc6 25. g4 Rb8 26. Ra1 b4 $17 {Brueckner,T-Mohr,S/BL/1992/}) ({Probably the
most testing alternative is} 8. Qd2 $5 Ne7 $142 $5 (8... a6 $6 9. O-O-O Ne7 10.
e5 Nfd5 11. Nxd5 exd5 12. h3 f6 13. exf6 Rxf6 14. g4 Qf8 15. Rde1 Bd7 16. Nh4
c5 17. dxc5 Rc8 18. g5 dxc5 19. gxf6 Qxf6 20. c3 Qxh4 21. Bg4 Bxg4 22. hxg4 Qf6
23. f5 Qf7 24. Bg5 Nc6 25. fxg6 Qxg6 26. Qxd5+ Kh8 27. Re6 {1-0,Wolff,P-McNab,
C/London WFW/1989/}) (8... b6 $6 9. O-O-O Bb7 10. Rhe1 (10. e5 Ng4 11. h3 Nxe3
12. Qxe3 Ne7 13. g4 f6 14. Bc4 Bxf3 15. Bxe6+ Kh8 16. Qxf3 fxe5 17. dxe5 Bxe5
18. Ne2 g5 19. f5 Ng6 20. Qc6 Nf4 21. Nxf4 Bxf4+ 22. Kb1 Be5 23. Rhe1 Qe7 24.
Re4 Qg7 25. c3 Rae8 26. a4 $36 {[%csl Re5,Ge6] ^-,Nunn,J-Kindermann,S/
Wiesbaden/1981/}) 10... Ne7 11. Bd3 c5 12. dxc5 bxc5 13. Bf2 Rb8 14. e5 Bxf3
15. gxf3 Nfd5 16. Nxd5 exd5 17. c4 dxe5 18. fxe5 Nc6 19. f4 Nd4 20. Bxd4 cxd4
21. Kb1 dxc4 22. Bxc4 Qh4 23. Re4 Rbd8 24. Qe2 $16 {Gruenfeld,Y-McNab,C/Novi
Sad olm/1990/}) 9. e5 (9. Bd3 a6 10. h3 b6 11. O-O Bb7 12. Rae1 c5 13. Bf2 cxd4
14. Bxd4 b5 15. a3 Nc6 16. Bf2 Rc8 17. Bh4 Qb6+ 18. Kh2 Qc7 19. g4 Na5 20. e5
dxe5 21. Nxe5 Nc6 22. Nxc6 Bxc6 23. Bg3 Qb7 24. Qe2 Rcd8 $17 {[%csl Rh2] ע,
Nikitin,A-Schmaltz,R/St.Ingbert op/1994/}) (9. Bf2 b6 10. e5 Nfd5 11. Ne4 f5
12. Neg5 h6 13. Nh3 dxe5 14. fxe5 b5 $5 15. Bxb5 g5 16. Nhg1 Rb8 17. Bc4 Ng6
18. h4 g4 19. h5 Nge7 20. Nh4 Rxb2 21. Bb3 c5 22. O-O-O c4 23. Bxc4 Rb4 24. Bb3
Qa5 25. Kb2 Ba6 26. a3 Rxb3+ 27. cxb3 Qb5 28. a4 Qb7 29. Ne2 Rb8 30. Nc1 Bc4
31. Qc2 Qb4 $44 {1/2,Wahls,M-Belov,I/Hamburg Wichern-op/1995/}) (9. O-O-O b6
10. e5 (10. h4 Bb7 11. h5 Nxe4 12. Nxe4 Bxe4 13. Ng5 Bxg2 14. Rh2 Bb7 15. hxg6
hxg6 16. Ba6 Bd5 17. c4 f6 18. cxd5 fxg5 19. dxe6 d5 20. Rdh1 Qd6 21. fxg5 Qxe6
22. Bf4 Qc6+ 23. Kb1 b5 24. Qe2 Rxf4 25. Qxe7 Rf7 26. Qe3 Rb8 27. Qh3 Kf8 28.
Bc8 Qc4 29. Be6 Rf4 {0-1,Chandler,M-Nijboer,F/London Lloyds/1992/}) 10... Nfd5
11. Nxd5 Nxd5 12. Bf2 Bb7 13. h4 f6 14. c4 Ne7 15. exf6 Bxf6 16. h5 b5 17. hxg6
Nxg6 18. Be3 Qd7 19. Kb1 Be4+ 20. Bd3 Bxd3+ 21. Qxd3 bxc4 22. Qxc4 Rab8 23. Bc1
Rb5 24. Rhe1 Rd5 $132 {1/2,Mikhalchishin,A-Beim,V/Groningen op/1990/}) 9...
Nfd5 10. Nxd5 Nxd5 11. Bf2 Bh6 12. g3 b6 13. h4 dxe5 14. dxe5 Bb7 15. h5 Nxf4
16. gxf4 Qxd2+ 17. Kxd2 Bxf4+ 18. Be3 Rad8+ 19. Bd3 Bxf3 20. Bxf4 Bxh1 21. Rxh1
Rd5 22. c4 Rd4 $13 {Olafsson,H-Benjamin,J/Jerevan olm/1996/}) 8... b6 9. O-O
$146 {A solid move, which suprisingly hasn't been tried before.} ({A bit too
wild is the adventurous} 9. g4 Ne7 (9... Bb7 10. g5 Nh5 11. Rg1 f6 12. Qd2 Qe8
13. O-O-O Kh8 14. Nh4 fxg5 15. fxg5 Ne7 16. Bxh5 gxh5 17. g6 Nxg6 18. Bh6 Rg8
19. Nxg6+ hxg6 20. Bxg7+ Rxg7 21. Qh6+ Rh7 22. Qxg6 Qxg6 23. Rxg6 Rg8 24. Rdg1
Rgg7 25. Kd2 Bc6 26. h4 Be8 27. Rxg7 Rxg7 28. Rxg7 Kxg7 29. Ke3 $14 {_|_,Van
der Wiel,J-Azmaiparashvili,Z/Groningen/1994/}) 10. g5 Nh5 $1 (10... Nd7 $143 $6
11. Qd2 Bb7 12. O-O-O a6 13. h4 b5 14. a3 Rc8 15. d5 exd5 16. Nxd5 Re8 17. Nc3
Bxe4 18. Nxe4 Nf5 19. Nd4 Nxd4 20. Bxd4 Rxe4 21. Bxg7 Kxg7 22. Bf3 Re7 23. h5
$44 {Kovacevic,P-Vujadinovic,G/JUG-chT Tivat/1995/}) 11. Rg1 c5 $1 12. Qd2 cxd4
13. Nxd4 e5 14. Nf3 Nxf4 15. Bxf4 exf4 16. O-O-O Be6 17. Qxf4 Bxc3 18. bxc3 Rc8
19. Qxd6 Qxd6 20. Rxd6 Rxc3 {[%csl Ra2,Rc2,Re4,Rg5,Rh3] ק,Shirov,A-Hansen,C/
Biel/1992/ White's pawns are totally ruined.}) 9... Bb7 $6 ({Logical and
consistent is} 9... Ne7 $142 $1 10. e5 Nfd5 11. Nxd5 Nxd5 12. Bd2 Bb7 13. c4
Ne7 $132) 10. e5 Nd5 $5 (10... Ne8 $6 11. Qd2 $36 {[%csl Re8] (),פe8}) (10...
Nd7 11. Ng5 $5 (11. exd6 $6 cxd6 12. d5 exd5 13. Qxd5 Re8 $36) 11... h6 12.
Nge4 $14 {[%csl Gd4,Ge4,Ge5,Gf4] ()[+],->>>}) 11. Nxd5 exd5 12. Qd2 (12. g4 $5
$36) 12... f6 13. exf6 (13. e6 $6 f5 $1 {[%csl Re6] ><e6}) 13... Qxf6 {To
counterbalance White's imposing center Black has agreed to compromise his pawn
structure. But his doubled d-pawn has also positive merits-it controls
important central squares (e4,e5). Also White's pieces are not too well placed,
especially the Be3 is very poor. The position is rather unclear and if White
has any advantage due to his extra pawn on the >>, it's minimal.} 14. Rae1 Rae8
15. c3 Na5 {[%cal Ra5c4] /\Nc4} ({Interesting was} 15... Qd8 $5 {[%cal Yg8h8,
Yc6g8,Yg8e4] /\Ne7,Kh8,Ng8-f6-e4}) 16. b3 $8 c5 17. Nh2 (17. dxc5 dxc5 (17...
bxc5 $5 18. c4 Qc3 $11) 18. Ne5 Qd6 $132) (17. Bd3 $5 $14) 17... Kh8 18. Ng4 (
18. Bd3 Nc6 $132) 18... Qf5 19. Bd3 Qh5 20. Bf2 Rxe1 (20... Nc6 21. Rxe8 Rxe8
22. Re1 Rf8 {-see game.} (22... Rd8 $5 {[%cal Rb7c8] /\Bc8})) 21. Rxe1 Nc6 22.
Re6 $5 $36 cxd4 23. cxd4 Nd8 $1 (23... Nxd4 $2 24. Re7 $18 {[%cal Re7b7,Re7g7]
/\Rb7,Rg7}) (23... Bxd4 $2 24. Bxd4+ Nxd4 25. Bxg6 $18 {->}) 24. Re7 Bc8 25.
Qe2 (25. Rxa7 Bxg4 26. hxg4 Qxg4 $132 {[%csl Rd4,Rf4] ><d4,f4}) (25. Be2 $142
$1 $36) 25... Bf5 26. Re8 {After this Black by careful defence manages to hold
the slightly worse endgame.} (26. Bb5 Be4 27. Rxa7 Ne6 $1 $36) (26. Rxa7 Ne6 (
26... Bxd3 27. Qxd3 Ne6 28. Qb5 $36) 27. Bxf5 Qxf5 28. g3 h5 29. Nh2 (29. Ne3
Qe4 $44) 29... h4 $5 {could be dangerous for White.}) 26... Bxd3 27. Rxf8+ Bxf8
28. Qxd3 Ne6 29. Be3 Qf5 $1 {Seems risky, but Black's positional judgement was
correct-the _|_ is tenable.} 30. Qxf5 (30. Qd2 h5 31. Nf2 Bh6 $11) 30... gxf5
31. Nf6 $1 (31. Nh2 Bg7 32. Nf3 h5 $11) 31... Nc7 $8 32. Nh5 (32. g4 Be7 $5 (
32... Kg7 33. Nh5+ Kg6 34. Ng3 $14) 33. Nh5 Ne8 34. Ng3 Ng7 $1 {holds the f5
outpost and the game.}) 32... Ne8 33. g4 Kg8 34. Kf2 Kf7 35. Ng3 Ng7 $8 (35...
fxg4 36. hxg4 $36 {gives White's majority the needed mobility and would start
an extra round of trouble for Black.}) 36. Ne2 (36. Nxf5 Nxf5 37. gxf5 Kf6 $11)
(36. gxf5 Kf6 $11) 36... Ne6 $5 37. gxf5 (37. Kf3 $142 $5 Kg6 38. gxf5+ Kxf5
39. Ng3+ Kf6 40. Kg4 $14) 37... Ng7 $1 (37... Nc7 38. Kf3 Kf6 39. Ng3 $36) 38.
Nc3 Nxf5 39. Nxd5 Bg7 $11 40. Nc7 (40. Kf3 Bxd4 41. Bxd4 Nxd4+ 42. Ke4 Ne2 $11
{<=>}) 40... Bxd4 41. Bxd4 Nxd4 42. Ke3 Nf5+ 43. Ke4 Ng3+ 44. Kf3 (44. Kd5 Ne2
$1 45. Kxd6 Nxf4 (45... Nc1 46. Nb5 a5 47. Kc6 Nxa2 48. Kxb6 Nc1 49. Nd4 Kf6
50. Kxa5 Nxb3+ 51. Nxb3 Kf5 $11) 46. h4 Ng2 47. h5 Nf4 48. h6 Kg6 $132) 44...
Nf5 45. Nb5 a6 46. Nc7 a5 47. Ke4 (47. Nd5 b5 $11) (47. Nb5 Ke6 48. Ke4 Ng3+
$11) 47... Ng3+ 48. Kf3 Nf5 49. Ke4 Ng3+ 1/2-1/2